Mezinárodní finance, burzy a cenné papíry

Saved in:
Bibliographic Details
Main Author: Nejezchleba, Miroslav
Corporate Author: Vysoká škola báňská - Technická univerzita Ostrava. Ekonomická fakulta
Other Authors: Stejskalová, Marlen
Format: Book
Language:Czech
Published: Ostrava Petr P. Pavlík-nakl. 1991
Edition:1. vyd.
Subjects:
Tags: Add Tag
No Tags, Be the first to tag this record!

MARC

LEADER 00000nam a2200000 4500
001 c002750
005 20221214094217.5
020 |a 80-85574-01-2 
041 0 |a cze 
044 |a CZ 
245 1 0 |a Mezinárodní finance, burzy a cenné papíry  |c Miroslav Nejezchleba, Marlen Stejskalová 
250 |a 1. vyd. 
264 1 |a Ostrava  |b Petr P. Pavlík-nakl.  |c 1991 
300 |a 84 s. 
610 2 0 |a financie medzinárodné 
610 2 0 |a burzy 
610 2 0 |a papiere cenné 
610 2 0 |a styk platobný medzinárodný 
610 2 0 |a operácie obchodné 
610 2 0 |a obchod zahraničný 
610 2 0 |a Medzinárodný menový fond 
610 2 0 |a Európska investičná banka 
610 2 0 |a IBRD 
610 2 0 |a trh kapitálový 
610 2 0 |a ČSFR 
100 1 |a Nejezchleba, Miroslav 
700 1 |a Stejskalová, Marlen 
710 2 |a Vysoká škola báňská - Technická univerzita Ostrava. Ekonomická fakulta